<?xml version="1.0" encoding="UTF-8"?>
<record
    xmlns:xsi="http://www.w3.org/2001/XMLSchema-instance"
    xsi:schemaLocation="http://www.loc.gov/MARC21/slim http://www.loc.gov/standards/marcxml/schema/MARC21slim.xsd"
    xmlns="http://www.loc.gov/MARC21/slim">

  <leader>02296nmm a22002777a 4500</leader>
  <controlfield tag="001">000321</controlfield>
  <controlfield tag="003">UAHC_CL</controlfield>
  <controlfield tag="005">20260417171109.0</controlfield>
  <controlfield tag="008">260417s2025    cl      o  d  000   spa d</controlfield>
  <datafield tag="040" ind1=" " ind2=" ">
    <subfield code="a">UAHC_CL</subfield>
    <subfield code="c">UAHC_CL</subfield>
    <subfield code="d">UAHC_CL</subfield>
  </datafield>
  <datafield tag="100" ind1=" " ind2=" ">
    <subfield code="a">Hern&#xE1;ndez Chau, Lincoyan</subfield>
    <subfield code="9">23329</subfield>
  </datafield>
  <datafield tag="245" ind1="1" ind2="0">
    <subfield code="a">Ritual flamenco</subfield>
    <subfield code="c">Lincoyan Hern&#xE1;ndez ; profesor gu&#xED;a Luis Campos.</subfield>
    <subfield code="b">caracterizaci&#xF3;n de transmisiones culturales tradicionales del flamenco en Santiago de Chile</subfield>
  </datafield>
  <datafield tag="260" ind1=" " ind2=" ">
    <subfield code="a">Santiago, Chile :</subfield>
    <subfield code="b">Universidad Academia de Humanismo Cristiano,</subfield>
    <subfield code="c">2025.</subfield>
  </datafield>
  <datafield tag="300" ind1=" " ind2=" ">
    <subfield code="a">139 p&#xE1;ginas.</subfield>
  </datafield>
  <datafield tag="500" ind1=" " ind2=" ">
    <subfield code="a">Tesis para optar al grado de Licenciado/a en Antropolog&#xED;a y al t&#xED;tulo de Antrop&#xF3;logo/a Social.</subfield>
  </datafield>
  <datafield tag="502" ind1=" " ind2=" ">
    <subfield code="a">Tesis (Antropolog&#xED;a) -- Universidad Academia de Humanismo Cristiano, 2025.</subfield>
  </datafield>
  <datafield tag="516" ind1=" " ind2=" ">
    <subfield code="a">Tesis electr&#xF3;nica (PDF). Solicitar env&#xED;o de documento a biblioteca@academia.cl.</subfield>
  </datafield>
  <datafield tag="520" ind1=" " ind2=" ">
    <subfield code="a">Esta es una investigaci&#xF3;n sobre qu&#xE9; y c&#xF3;mo se transmiten elementos culturales tradicionales del flamenco en Santiago de Chile. Para ello se presentar&#xE1; un an&#xE1;lisis bibliogr&#xE1;fico que nos ayudar&#xE1; a comprender el desarrollo de algunas representaciones del flamenco en la historia, con ello identificar algunas de sus palabras clave en el argot flamenco y as&#xED; entender c&#xF3;mo se han planteado ideas tradicionalistas/puristas de este arte del mismo modo que han surgido 
ideas innovadoras/heterodoxas. Conocer esta doble cara de la producci&#xF3;n del flamenco nos permitir&#xE1; acercarnos a los elementos que se han transmitido en Chile durante el &#xFA;ltimo siglo hasta hoy, ya sea en escuelas de flamenco como con profesores particulares del tema; tambi&#xE9;n conocer c&#xF3;mo es reproducida esta informaci&#xF3;n entre estudiantes para lo que se observaron siete casos de transmisi&#xF3;n del flamenco entre los a&#xF1;os 2020 y 2022. Por &#xFA;ltimo se har&#xE1; una reflexi&#xF3;n abordando al flamenco desde sus cualidades rituales y usos locales hoy en d&#xED;a, buscando una profundizaci&#xF3;n conceptual que nos acerque a la comprensi&#xF3;n cultural del flamenco.</subfield>
  </datafield>
  <datafield tag="650" ind1=" " ind2="0">
    <subfield code="a">Identidad cultural</subfield>
    <subfield code="9">1868</subfield>
  </datafield>
  <datafield tag="650" ind1=" " ind2="0">
    <subfield code="a">M&#xFA;sica tradicional</subfield>
    <subfield code="9">23330</subfield>
  </datafield>
  <datafield tag="650" ind1=" " ind2="0">
    <subfield code="a">Patrimonio cultural inmaterial</subfield>
    <subfield code="9">23255</subfield>
  </datafield>
  <datafield tag="650" ind1=" " ind2="0">
    <subfield code="a">Flamenco</subfield>
    <subfield code="x">Ense&#xF1;anza</subfield>
    <subfield code="9">23331</subfield>
  </datafield>
  <datafield tag="700" ind1=" " ind2=" ">
    <subfield code="a">Campos Mu&#xF1;oz, Luis</subfield>
    <subfield code="9">2070</subfield>
    <subfield code="e">profesor gu&#xED;a</subfield>
  </datafield>
  <datafield tag="900" ind1=" " ind2=" ">
    <subfield code="a">TANT 389</subfield>
  </datafield>
  <datafield tag="942" ind1=" " ind2=" ">
    <subfield code="c">TS</subfield>
    <subfield code="2">ddc</subfield>
  </datafield>
  <datafield tag="999" ind1=" " ind2=" ">
    <subfield code="c">63617</subfield>
    <subfield code="d">63617</subfield>
  </datafield>
  <datafield tag="952" ind1=" " ind2=" ">
    <subfield code="0">0</subfield>
    <subfield code="1">0</subfield>
    <subfield code="2">ddc</subfield>
    <subfield code="4">0</subfield>
    <subfield code="7">0</subfield>
    <subfield code="8">COMP</subfield>
    <subfield code="B">ANT</subfield>
    <subfield code="a">BC</subfield>
    <subfield code="b">BC</subfield>
    <subfield code="c">Digital</subfield>
    <subfield code="d">2026-04-17</subfield>
    <subfield code="l">0</subfield>
    <subfield code="o">TANT 389</subfield>
    <subfield code="r">2026-04-17 16:59:11</subfield>
    <subfield code="w">2026-04-17</subfield>
    <subfield code="y">TS</subfield>
    <subfield code="z">Documento en PDF</subfield>
  </datafield>
</record>
